AFL Records - Statistics

General Stats
  • This quiz has been taken 195 times
  • The average score is 12 of 25
Answer Stats
Record Answer % Correct
The highest losing score. Geelong/25.13.163
92%
The team with the highest score in one match. Geelong/37.17.239
92%
The team with the lowest score in one match. St Kilda/0.1.1
73%
Most disposals by one player in one game Tom Mitchell/54
70%
Most goals in a career. Tony Lockett/1360
69%
Biggest comeback at any stage of the game. Essendon/69 points
65%
Biggest comeback from quarter time. Essendon/58 points
64%
Highest scoring 3rd quarter. Essendon/13.4.82
63%
Highest scoring 1st quarter. Essendon/15.4.94
63%
The lowest winning score. Essendon/1.8.14
63%
Most career games. Brent Harvey/432
58%
Biggest comeback from half time. Collingwood/52 points
58%
Most goals on debut. John Coleman/12
54%
Highest scoring 4th quarter. South Melbourne/17.4.106
51%
Most goals by one player in one game. Fred Fanning/18
46%
Most Premiships as a player. Micheal Tuck/8
44%
Highest scoring 2nd quater. Adelaide/14.2.86
35%
Most goals in a season by one player. Bob Pratt/Peter Hudson/150
34%
Highest winning margin. Fitzroy/190 points
33%
Most seasons as leading goalkicker. Dick Lee/8
31%
Most games coached. Mick Malthouse/718
29%
Most goals in finals. Jordan Conventry/112
10%
Biggest comback from three quarter time. Brisbane Bears/45 points
8%
Most consecutive games with one goal or more. Peter McKenna/121
8%
Most career games with no goals. Ted Potter/182
5%
No matching quizzes found
Score Distribution
Percent of People with Each Score
Percentile by Number Answered
Your Score History
You have not taken this quiz